Cause related marketing ako efektívne partnerstvo ziskového a neziskového sektora

Problematika caused related marketingu (CRM) s dôrazom na jeho využiteľnosť v praxi podnikateľských subjektov. Teoretické zázemie využívania CRM. Subjekty CRM a partnerstvo. Výhody a nevýhody spojené s aplikáciou CRM v praxi. Predpoklady úspechu.

Salvato in:
Dettagli Bibliografici
Autore principale: Mižičková, Ivana
Natura: Capitolo di libro
Lingua:slovacco
Soggetti:
Tags: Aggiungi Tag
Nessun Tag, puoi essere il primo ad aggiungerne!!

MARC

LEADER 00000nla$a2200000$$$4500
001 0084951
005 20240502071950.6
041 0 |a slo 
044 |a SK 
245 1 0 |a Cause related marketing ako efektívne partnerstvo ziskového a neziskového sektora  |c Ivana Mižičková 
520 |a Problematika caused related marketingu (CRM) s dôrazom na jeho využiteľnosť v praxi podnikateľských subjektov. Teoretické zázemie využívania CRM. Subjekty CRM a partnerstvo. Výhody a nevýhody spojené s aplikáciou CRM v praxi. Predpoklady úspechu. 
610 2 0 |a marketing 
610 2 0 |a pojmy 
610 2 0 |a organizácie neziskové 
610 2 0 |a partnerstvo verejno-súkromné 
610 2 0 |a podnik súkromný 
610 2 0 |a zákazníci 
610 2 0 |a nástroje marketingové 
610 2 0 |a spotrebitelia 
100 1 |a Mižičková, Ivana